[Event "Calvia Amateur op 10th"]
[Site "Calvia"]
[Date "2013.10.06"]
[Round "2"]
[White "Sanchez Garcia, Julio"]
[Black "Berendsen, Markus"]
[Result "1-0"]
[WhiteElo "2187"]
[BlackElo "2014"]
[PlyCount "33"]
[EventDate "2013.10.05"]
[EventType "swiss"]
[EventRounds "9"]
[EventCountry "ESP"]
[SourceTitle "EXT 2014"]
[Source "ChessBase"]
[SourceDate "2013.11.20"]
[SourceVersion "1"]
[SourceVersionDate "2013.11.20"]
[SourceQuality "1"]

1. d4 Nf6 2. c4 e6 3. Nc3 Bb4 4. Qc2 b6 5. e4 Bxc3+ 6. bxc3 d6 7. Bd3 e5 8. c5 0-0 9. cxd6 cxd6 10. Ne2 Ba6 11. 0-0 h6 12. Ba3 Re8 13. Ng3 d5 14. dxe5 Ng4 15. Bxa6 Nxa6 16. Qe2 Qc8 17. Nf5 1-0

[Event "ESP-ch U16"]
[Site "Salobrena"]
[Date "2012.07.16"]
[Round "2"]
[White "Sanchez Garcia, Julio"]
[Black "Mercado Larrea, Adrian"]
[Result "1-0"]
[WhiteElo "2108"]
[BlackElo "1875"]
[PlyCount "55"]
[EventDate "2012.07.16"]
[EventType "swiss"]
[EventRounds "9"]
[EventCountry "ESP"]
[SourceTitle "EXT 2014"]
[Source "ChessBase"]
[SourceDate "2013.11.20"]
[SourceVersion "1"]
[SourceVersionDate "2013.11.20"]
[SourceQuality "1"]

1. d4 d5 2. c4 c6 3. Nf3 Nf6 4. Nc3 dxc4 5. a4 Bf5 6. Ne5 e6 7. f3 Bb4 8. e4 Bxe4 9. fxe4 Nxe4 10. Bd2 Qxd4 11. Nxe4 Qxe4+ 12. Qe2 Bxd2+ 13. Kxd2 Qd5+ 14. Kc2 Na6 15. Nxc4 0-0 16. Qe5 Rfd8 17. Qxd5 Rxd5 18. Ne3 Rc5+ 19. Kb3 Re5 20. Nc4 Nc5+ 21. Kb4 Rd5 22. Be2 b5 23. axb5 cxb5 24. Nb6 a5+ 25. Rxa5 Rxa5 26. Nxd5 Nb7 27. Nc3 Ra8 28. Nb1 1-0

[Event "Baleares-ch Escolar"]
[Site "Mallorca"]
[Date "2012.05.26"]
[Round "5"]
[White "Sanchez Garcia, Julio"]
[Black "Pita Romero, Marc"]
[Result "1-0"]
[WhiteElo "2124"]
[BlackElo "1719"]
[PlyCount "33"]
[EventDate "2012.05.24"]
[EventType "swiss"]
[EventRounds "6"]
[EventCountry "ESP"]
[SourceTitle "EXT 2014"]
[Source "ChessBase"]
[SourceDate "2013.11.20"]
[SourceVersion "1"]
[SourceVersionDate "2013.11.20"]
[SourceQuality "1"]

1. d4 f5 2. Qd3 d6 3. g4 fxg4 4. h3 Nf6 5. hxg4 Bxg4 6. Bh3 Qd7 7. f3 Bxh3 8. Nxh3 g6 9. Ng5 Rg8 10. Qb3 Qc6 11. Qf7+ Kd8 12. Ne6+ Kd7 13. Nxf8+ Rxf8 14. Qxf8 Qxc2 15. Na3 Qa4 16. Bd2 Qxd4 17. Bc3 1-0

[Event "Baleares-ch"]
[Site "Can Picafort"]
[Date "2012.04.09"]
[Round "7"]
[White "Cubas Pons, Juan Miguel"]
[Black "Sanchez Garcia, Julio"]
[Result "1-0"]
[WhiteElo "2348"]
[BlackElo "2093"]
[PlyCount "85"]
[EventDate "2012.04.05"]
[EventType "tourn"]
[EventRounds "7"]
[EventCountry "ESP"]
[SourceTitle "EXT 2014"]
[Source "ChessBase"]
[SourceDate "2013.11.20"]
[SourceVersion "1"]
[SourceVersionDate "2013.11.20"]
[SourceQuality "1"]

1. e4 e6 2. d4 d5 3. Nc3 Bb4 4. exd5 exd5 5. Bd3 Nf6 6. Bg5 0-0 7. Qf3 Bxc3+ 8. bxc3 Qe8+ 9. Ne2 Ne4 10. Bf4 c6 11. 0-0 Nd7 12. Rfe1 f5 13. c4 Ndf6 14. cxd5 cxd5 15. Nc3 Qc6 16. Nb5 a6 17. Na3 b5 18. h3 h6 19. Bf1 b4 20. Nb1 Qxc2 21. Re2 Qa4 22. Qe3 Qd7 23. f3 Nd6 24. Nd2 Re8 25. Qb3 Rxe2 26. Bxe2 a5 27. Be5 Nb5 28. Bxb5 Qxb5 29. Bxf6 gxf6 30. Qe3 f4 31. Qxf4 Qd3 32. Re1 Qg6 33. Qd6 Ra7 34. Qd8+ Kh7 35. Qxc8 Rg7 36. Qg4 Qd3 37. Qf4 a4 38. Re6 b3 39. axb3 a3 40. Rxf6 a2 41. Rxh6+ Kg8 42. Qb8+ Kf7 43. Qc7+ 1-0

[Event "Baleares-ch"]
[Site "Can Picafort"]
[Date "2012.04.05"]
[Round "1"]
[White "Sanchez Garcia, Julio"]
[Black "Pons Vidal, Bartomeu"]
[Result "0-1"]
[WhiteElo "2093"]
[BlackElo "2034"]
[PlyCount "72"]
[EventDate "2012.04.05"]
[EventType "tourn"]
[EventRounds "7"]
[EventCountry "ESP"]
[SourceTitle "EXT 2014"]
[Source "ChessBase"]
[SourceDate "2013.11.20"]
[SourceVersion "1"]
[SourceVersionDate "2013.11.20"]
[SourceQuality "1"]

1. d4 d5 2. c4 c6 3. Nf3 e6 4. Nc3 dxc4 5. e4 b5 6. Be2 Nf6 7. Bg5 Qb6 8. Bxf6 gxf6 9. 0-0 Be7 10. a4 0-0 11. b3 b4 12. a5 Qc7 13. Na4 c3 14. Ne1 Rd8 15. Bc4 c5 16. d5 Qe5 17. Nd3 Qxe4 18. Naxc5 Bxc5 19. Nxc5 Qf5 20. g4 Qf4 21. Nd3 Qd6 22. dxe6 Bxe6 23. Nxb4 Qe7 24. Nd5 Bxd5 25. Bxd5 Nc6 26. Qf3 Nd4 27. Qg2 Ne2+ 28. Kh1 Nf4 29. Bxa8 Nxg2 30. Bxg2 Rd2 31. Ra4 c2 32. Bf3 Rxf2 33. Rxf2 c1Q+ 34. Kg2 Qee1 35. Raa2 Qg1+ 36. Kh3 Qh6# 0-1

[Event "Mallorca-chT Preferente"]
[Site "Palma de Mallorca"]
[Date "2012.03.31"]
[Round "9.3"]
[White "Sanchez Garcia, Julio"]
[Black "Nadal Marti, Bernardo Pedro"]
[Result "1-0"]
[WhiteElo "2093"]
[BlackElo "2084"]
[PlyCount "139"]
[EventDate "2012.01.28"]
[EventType "team"]
[EventRounds "9"]
[EventCountry "ESP"]
[SourceTitle "EXT 2014"]
[Source "ChessBase"]
[SourceDate "2013.11.20"]
[SourceVersion "1"]
[SourceVersionDate "2013.11.20"]
[SourceQuality "1"]
[WhiteTeam "La Balanguera"]
[BlackTeam "Binissalem"]
[WhiteTeamCountry "ESP"]
[BlackTeamCountry "ESP"]

1. d4 d5 2. c4 c6 3. Nf3 Nf6 4. Nc3 e6 5. Bg5 Nbd7 6. e3 Qa5 7. cxd5 Nxd5 8. Qd2 Bb4 9. Rc1 0-0 10. a3 Bxc3 11. bxc3 Qxa3 12. Bd3 f6 13. Bh4 e5 14. 0-0 Qe7 15. dxe5 Nxe5 16. Nxe5 Qxe5 17. e4 Nb6 18. f4 Qc5+ 19. Bf2 Qe7 20. Rce1 Be6 21. Qe2 Rfd8 22. Rd1 Na4 23. Qc2 Nc5 24. e5 Nxd3 25. exf6 Qxf6 26. Rxd3 Rxd3 27. Qxd3 Rd8 28. Qg3 b6 29. Bd4 Rxd4 30. cxd4 Qxd4+ 31. Kh1 Bf5 32. Qa3 Qd3 33. Qa2+ Kf8 34. Re1 a5 35. Qb2 b5 36. Qe5 Qd7 37. Qc5+ Kf7 38. h3 Be6 39. Qh5+ Kg8 40. f5 Bf7 41. Qh4 h6 42. f6 a4 43. Qg3 g5 44. Qb8+ Kh7 45. Qf8 Kg6 46. Qg7+ Kh5 47. Rg1 Qd5 48. Re1 a3 49. Qf8 c5 50. Kh2 Qa2 51. Qxc5 Bd5 52. Rg1 Qc4 53. Qxa3 b4 54. Qe3 Qf4+ 55. Qxf4 gxf4 56. Rd1 Bf7 57. Rd4 b3 58. Rxf4 b2 59. Rb4 Kg6 60. Rxb2 Kxf6 61. Rf2+ Kg7 62. g4 Be6 63. Kg3 Kg6 64. Rb2 Bc4 65. Rb6+ Kg7 66. Kf4 Bf1 67. h4 Bh3 68. Rb7+ Kg6 69. h5+ Kf6 70. Rh7 1-0

[Event "Mallorca-chT Preferente"]
[Site "Palma de Mallorca"]
[Date "2012.03.10"]
[Round "6.5"]
[White "Sanchez Garcia, Julio"]
[Black "March Morla, David"]
[Result "1-0"]
[WhiteElo "2093"]
[BlackElo "2060"]
[PlyCount "43"]
[EventDate "2012.01.28"]
[EventType "team"]
[EventRounds "9"]
[EventCountry "ESP"]
[SourceTitle "EXT 2014"]
[Source "ChessBase"]
[SourceDate "2013.11.20"]
[SourceVersion "1"]
[SourceVersionDate "2013.11.20"]
[SourceQuality "1"]
[WhiteTeam "La Balanguera"]
[BlackTeam "Mate en Dos"]
[WhiteTeamCountry "ESP"]
[BlackTeamCountry "ESP"]

1. d4 d5 2. c4 e6 3. Nc3 f5 4. Nf3 Nf6 5. Bg5 Be7 6. Qc2 0-0 7. e3 c6 8. Bd3 Ne4 9. Bxe7 Qxe7 10. Ne5 Nd7 11. Nxd7 Bxd7 12. 0-0 Rf6 13. f3 Nxc3 14. bxc3 Rh6 15. e4 f4 16. Rab1 dxc4 17. Bxc4 b5 18. Bb3 Qh4 19. h3 Kh8 20. e5 Rg6 21. a4 Qxh3 22. Qxg6 1-0

[Event "Mallorca-chT Preferente"]
[Site "Palma de Mallorca"]
[Date "2012.02.11"]
[Round "2.4"]
[White "Sanchez Garcia, Julio"]
[Black "Planas Gene, Juan"]
[Result "1-0"]
[WhiteElo "2093"]
[BlackElo "2147"]
[PlyCount "82"]
[EventDate "2012.01.28"]
[EventType "team"]
[EventRounds "9"]
[EventCountry "ESP"]
[SourceTitle "EXT 2014"]
[Source "ChessBase"]
[SourceDate "2013.11.20"]
[SourceVersion "1"]
[SourceVersionDate "2013.11.20"]
[SourceQuality "1"]
[WhiteTeam "La Balanguera"]
[BlackTeam "Son Dameto"]
[WhiteTeamCountry "ESP"]
[BlackTeamCountry "ESP"]

1. d4 d5 2. c4 c6 3. Nf3 Nf6 4. Nc3 e6 5. Bg5 h6 6. Bh4 Be7 7. e3 Nbd7 8. cxd5 exd5 9. Bd3 0-0 10. 0-0 Ne4 11. Bxe7 Qxe7 12. Qc2 f5 13. Rab1 g5 14. b4 a6 15. a4 g4 16. Nd2 Ndf6 17. b5 axb5 18. axb5 Nxc3 19. Qxc3 Ra3 20. Rb3 Rxb3 21. Nxb3 cxb5 22. Qa5 b4 23. Nc5 h5 24. Qxb4 h4 25. g3 hxg3 26. hxg3 Ne4 27. Rb1 Nxg3 28. Qb3 Ne4 29. Qxd5+ Qf7 30. Qxf7+ Kxf7 31. Nxe4 fxe4 32. Bxe4 g3 33. fxg3 Re8 34. Bd5+ Kf6 35. e4 Re7 36. Kf2 Kg5 37. Kf3 Rc7 38. Rb3 b5 39. e5 Bg4+ 40. Ke3 b4 41. Bf3 Rc3+ 1-0

[Event "Mallorca-chT Preferente"]
[Site "Palma de Mallorca"]
[Date "2012.01.28"]
[Round "1.3"]
[White "Sanchez Garcia, Julio"]
[Black "Garcia del Rey, Senen"]
[Result "1/2-1/2"]
[WhiteElo "2093"]
[BlackElo "2292"]
[PlyCount "130"]
[EventDate "2012.01.28"]
[EventType "team"]
[EventRounds "9"]
[EventCountry "ESP"]
[SourceTitle "EXT 2014"]
[Source "ChessBase"]
[SourceDate "2013.11.20"]
[SourceVersion "1"]
[SourceVersionDate "2013.11.20"]
[SourceQuality "1"]
[WhiteTeam "La Balanguera"]
[BlackTeam "Agora Megaescacs"]
[WhiteTeamCountry "ESP"]
[BlackTeamCountry "ESP"]

1. d4 g6 2. c4 Bg7 3. Nf3 d6 4. Nc3 Nd7 5. e4 e5 6. Be2 Ngf6 7. 0-0 0-0 8. Be3 Re8 9. d5 Ng4 10. Bg5 f6 11. Bc1 f5 12. Nd2 Ndf6 13. b4 a5 14. Ba3 fxe4 15. Ndxe4 Nxe4 16. Nxe4 Nxh2 17. Re1 Qh4 18. f3 Rf8 19. Bc1 Rf5 20. Be3 Rh5 21. Qd2 h6 22. Bd1 Bf5 23. g3 Qe7 24. Rc1 Rf8 25. Nf2 Bd7 26. f4 exf4 27. Bxf4 Re5 28. Bxe5 Bxe5 29. Qxh6 Nf3+ 30. Bxf3 Rxf3 31. Qxg6+ Qg7 32. Qxg7+ Kxg7 33. bxa5 Rxg3+ 34. Kf1 Ra3 35. Rb1 Bc8 36. Rb5 Rxa2 37. Re3 Rc2 38. Nd3 Bd4 39. Re7+ Kf6 40. Rxc7 Bh3+ 41. Ke1 Bc3+ 42. Kd1 Rd2+ 43. Kc1 Rxd3 44. Rbxb7 Bxa5 45. Rc6 Ke5 46. Re7+ Kd4 47. Rh7 Bb4 48. Kc2 Bf5 49. Rh4+ Be4 50. Kb2 Re3 51. Rc7 Bc5 52. Re7 Kd3 53. Kb3 Re2 54. Re6 Re1 55. Ka4 Ra1+ 56. Kb5 Bf5 57. Kc6 Ra6+ 58. Kd7 Ra4 59. Rf4 Ra7+ 60. Ke8 Bxe6 61. dxe6 Bd4 62. Rf7 Ra8+ 63. Kd7 Ra7+ 64. Kxd6 Rxf7 65. exf7 Kxc4 1/2-1/2

[Event "Mallorca-chA"]
[Site "Palma de Mallorca"]
[Date "2011.11.26"]
[Round "6"]
[White "Sanchez Garcia, Julio"]
[Black "Sabater Moner, Guillermo"]
[Result "1-0"]
[WhiteElo "2007"]
[BlackElo "2151"]
[PlyCount "77"]
[EventDate "2011.10.29"]
[EventType "swiss"]
[EventRounds "8"]
[EventCountry "ESP"]
[SourceTitle "EXT 2014"]
[Source "ChessBase"]
[SourceDate "2013.11.20"]
[SourceVersion "1"]
[SourceVersionDate "2013.11.20"]
[SourceQuality "1"]

1. d4 Nf6 2. c4 c5 3. d5 b5 4. cxb5 a6 5. bxa6 g6 6. Nc3 Bxa6 7. g3 d6 8. Bg2 Bg7 9. Nf3 0-0 10. 0-0 Nbd7 11. Rb1 Qa5 12. Bg5 h6 13. Bd2 Rfb8 14. Re1 Kh7 15. Qc2 Qd8 16. h3 Nb6 17. b3 Nfd7 18. a4 Bb7 19. e4 Ba6 20. Bf4 c4 21. b4 Bxc3 22. Qxc3 Nxa4 23. Qc2 Bb5 24. e5 Nf8 25. Nd4 Qb6 26. Nc6 Re8 27. exd6 exd6 28. Rxe8 Rxe8 29. Bxd6 c3 30. Be5 Bxc6 31. dxc6 Rxe5 32. Qxa4 Re2 33. Rf1 c2 34. Qa3 Ne6 35. Qf3 Rd2 36. Qxf7+ Kh8 37. Qxg6 Rxf2 38. Qxh6+ Kg8 39. Rxf2 1-0

[Event "Mallorca-chA"]
[Site "Palma de Mallorca"]
[Date "2011.11.19"]
[Round "5"]
[White "Planas Gene, Juan"]
[Black "Sanchez Garcia, Julio"]
[Result "1-0"]
[WhiteElo "2105"]
[BlackElo "2007"]
[PlyCount "93"]
[EventDate "2011.10.29"]
[EventType "swiss"]
[EventRounds "8"]
[EventCountry "ESP"]
[SourceTitle "EXT 2014"]
[Source "ChessBase"]
[SourceDate "2013.11.20"]
[SourceVersion "1"]
[SourceVersionDate "2013.11.20"]
[SourceQuality "1"]

1. d4 Nf6 2. c4 e6 3. Nc3 Bb4 4. Qc2 d5 5. a3 Bxc3+ 6. Qxc3 Ne4 7. Qc2 c5 8. dxc5 Nc6 9. Nf3 Qa5+ 10. Nd2 Nxd2 11. Bxd2 Qxc5 12. e3 dxc4 13. Qxc4 Qxc4 14. Bxc4 0-0 15. Bc3 Rd8 16. Ke2 b6 17. Rad1 Bb7 18. b4 Ne7 19. f3 Rdc8 20. Kd3 Nf5 21. e4 Nd6 22. Bb3 Ba6+ 23. Kd2 Bc4 24. Bxc4 Nxc4+ 25. Ke2 b5 26. Bd4 a5 27. Bc5 h6 28. Rd7 Rab8 29. Ba7 Ne5 30. Rd2 Rb7 31. Bc5 Nc4 32. Rd3 Nb2 33. Rd2 Nc4 34. Rd3 Nb2 35. Rd2 Na4 36. Rc1 Rbc7 37. Rdc2 axb4 38. axb4 Nxc5 39. Rxc5 Rxc5 40. Rxc5 Rxc5 41. bxc5 Kf8 42. Kd3 Ke7 43. Kc3 Kd7 44. e5 f6 45. f4 fxe5 46. fxe5 h5 47. Kb4 1-0

[Event "ESP-ch U18"]
[Site "Padron"]
[Date "2011.07.27"]
[Round "5"]
[White "Nieto de la Cruz, Julio"]
[Black "Sanchez Garcia, Julio"]
[Result "1-0"]
[WhiteElo "2183"]
[BlackElo "1972"]
[PlyCount "153"]
[EventDate "2011.07.25"]
[EventType "tourn"]
[EventRounds "9"]
[EventCountry "ESP"]
[SourceTitle "EXT 2012"]
[Source "ChessBase"]
[SourceDate "2011.11.24"]
[SourceVersion "1"]
[SourceVersionDate "2011.11.24"]
[SourceQuality "1"]

1. d4 Nf6 2. c4 e6 3. Nc3 Bb4 4. e3 c5 5. Nge2 cxd4 6. exd4 Ne4 7. Bd2 Nxd2 8. Qxd2 0-0 9. a3 Be7 10. g3 a6 11. Bg2 Qc7 12. Qd3 d6 13. 0-0 Nc6 14. b4 Rb8 15. Rfc1 Bd7 16. Rab1 Rfc8 17. Kh1 Qd8 18. f4 Na7 19. Be4 h6 20. d5 b5 21. Qe3 Qb6 22. Qxb6 Rxb6 23. cxb5 axb5 24. Bd3 Bf6 25. Ne4 Bd8 26. Nd4 Rxc1+ 27. Rxc1 Ra6 28. Nxb5 Nxb5 29. Bxb5 Bxb5 30. Rc8 exd5 31. Rxd8+ Kh7 32. Nxd6 Bd3 33. b5 Rxa3 34. b6 Ba6 35. b7 Bxb7 36. Nxb7 Ra1+ 37. Kg2 Ra2+ 38. Kh3 g5 39. Rxd5 Kg6 40. fxg5 hxg5 41. Nd6 f6 42. Ne4 Re2 43. Nc3 Rc2 44. Ne4 Re2 45. Nd6 Rc2 46. Rd4 f5 47. g4 Rc3+ 48. Kg2 Rc2+ 49. Kg1 Rc1+ 50. Kf2 Rc2+ 51. Ke1 fxg4 52. Rd2 Rc1+ 53. Kf2 Kh5 54. Nf5 Rc3 55. Ng3+ Kh4 56. Rd7 Rc2+ 57. Ne2 Kh5 58. Rd6 Ra2 59. Rb6 g3+ 60. hxg3 Kg4 61. Rb4+ Kf5 62. g4+ Kf6 63. Rc4 Rb2 64. Kf3 Rb3+ 65. Ke4 Rb2 66. Rc6+ Kf7 67. Nd4 Rf2 68. Nf3 Kg7 69. Nxg5 Rf1 70. Nf3 Ra1 71. Rd6 Ra4+ 72. Kf5 Ra5+ 73. Ne5 Rb5 74. Rd7+ Kg8 75. Rc7 Rb8 76. Kg6 Rb6+ 77. Nc6 1-0

[Event "ESP-ch 74th"]
[Site "Palma de Mallorca"]
[Date "2009.10.02"]
[Round "7"]
[White "Sanchez Garcia, Julio"]
[Black "Abadia Pascual, Luis"]
[Result "1/2-1/2"]
[WhiteElo "1747"]
[BlackElo "1958"]
[PlyCount "54"]
[EventDate "2009.09.26"]
[EventType "swiss"]
[EventRounds "9"]
[EventCountry "ESP"]
[SourceTitle "CBM 132 Extra"]
[Source "ChessBase"]
[SourceDate "2009.11.03"]
[SourceVersion "1"]
[SourceVersionDate "2009.11.03"]
[SourceQuality "1"]

1. d4 f5 2. e4 fxe4 3. Nc3 Nf6 4. Bg5 Nc6 5. d5 Ne5 6. Qd4 Nf7 7. Bxf6 exf6 8. Qxe4+ Be7 9. Nf3 d6 10. Nd4 0-0 11. Bd3 Ng5 12. Qf4 f5 13. h4 Nf7 14. Nxf5 Ne5 15. Nxe7+ Qxe7 16. Qe3 Nxd3+ 17. cxd3 Qf6 18. Rb1 Bd7 19. Ne4 Qe5 20. 0-0 Qxd5 21. Nc3 Qh5 22. Qd4 Bc6 23. Rbe1 Rae8 24. b4 a6 25. a4 Rxe1 26. Rxe1 Rc8 27. Qc4+ Kf8 1/2-1/2

[Event "ESP-ch 74th"]
[Site "Palma de Mallorca"]
[Date "2009.09.28"]
[Round "3"]
[White "Sanchez Garcia, Julio"]
[Black "Juan Mas, Santiago"]
[Result "0-1"]
[WhiteElo "1747"]
[BlackElo "2098"]
[PlyCount "76"]
[EventDate "2009.09.26"]
[EventType "swiss"]
[EventRounds "9"]
[EventCountry "ESP"]
[SourceTitle "CBM 132 Extra"]
[Source "ChessBase"]
[SourceDate "2009.11.03"]
[SourceVersion "1"]
[SourceVersionDate "2009.11.03"]
[SourceQuality "1"]

1. d4 Nf6 2. Nf3 b6 3. Bf4 Bb7 4. e3 d6 5. Be2 g6 6. 0-0 Bg7 7. c4 0-0 8. Nc3 Nbd7 9. Qc2 Re8 10. Rad1 Qc8 11. d5 c6 12. e4 cxd5 13. exd5 b5 14. Nxb5 Nxd5 15. Bg3 a6 16. Nbd4 N5f6 17. Nd2 d5 18. Qb3 e5 19. Nc2 d4 20. Rc1 Nc5 21. Qa3 d3 22. Bxd3 Rd8 23. Nb3 Nxd3 24. Rcd1 Nf4 25. Bxf4 exf4 26. Nc5 Qc6 27. Nxb7 Qxb7 28. b4 Qe4 29. Qb3 f3 30. gxf3 Qf4 31. Ne3 Qxf3 32. c5 Rxd1 33. Qxd1 Qf4 34. Qa4 Ng4 35. Nxg4 Qxg4+ 36. Kh1 Qh3 37. Re1 Be5 38. Rxe5 Qf1# 0-1